Statistiken für Deutsche Songs mit Weltraumsachen im Titel

Klicken Sie hier um das Quiz zu spielen!

Allgemein

  • Dieses Quiz wurde 601 mal gespielt
  • Das Durchschnittsergebnis liegt bei 10 aus 14

Antwortstatistiken

InterpretTitel% Korrekt
Ich + IchVom selben {Stern}
97%
Sido & Andreas BouraniA{stronaut}
92%
KaratDer blaue {Planet}
87%
Rocko SchamoniDer M{ond}
86%
KraftklubV{enus}
86%
Kapelle PetraAn irgendeinem Tag wird die {Welt} untergehen
82%
Udo Lindenberg & Apache 207K{omet}
80%
KC Rebell & RAF CamoraN{eptun}
78%
Udo JürgensDie {Sonne} und du
76%
Hubert KahSternen{himmel}
63%
Andreas DorauFred vom {Jupiter}
58%
Madsen{Licht}jahre
43%
SDPGanze G{alaxien}
24%
Edelweiss{Raumschiff} Edelweiss
12%

Verteilung der Resultate

Perzentil nach korrekt beantworteten Fragen

Anzahl Personen mit jedem Resultat

Ihre Resultats-Entwicklung

Sie haben dieses Quiz noch nicht gespielt